LIBRARY & INFORMATION CENTRE, KCAET, TAVANUR

ONLINE PUBLIC ACCESS CATALOGUE (OPAC)

Study on nutrient use efficiency of okra in soil and soilless media using fertigation (Record no. 15483)

MARC details
000 -LEADER
fixed length control field 00573nam a22001577a 4500
003 - CONTROL NUMBER IDENTIFIER
control field OSt
008 - FIXED-LENGTH DATA ELEMENTS--GENERAL INFORMATION
fixed length control field 180925b ||||| |||| 00| 0 eng d
082 ## - DEWEY DECIMAL CLASSIFICATION NUMBER
Classification number 631.587
Item number ANN/ST
100 ## - MAIN ENTRY--AUTHOR NAME
Personal name Ann Annie Shaju
-- Aysha Shareena N
-- Aksa V Reji
245 ## - TITLE STATEMENT
Title Study on nutrient use efficiency of okra in soil and soilless media using fertigation
260 ## - PUBLICATION, DISTRIBUTION, ETC. (IMPRINT)
Place of publication Thavanur
Name of publisher Department of irrigation and drainage engineering
Year of publication 2018
300 ## - PHYSICAL DESCRIPTION
Number of Pages xi, 61
Accompanying material CD
700 ## - ADDED ENTRY--PERSONAL NAME
Personal name Anu Varghese
856 ## - ELECTRONIC LOCATION AND ACCESS
Uniform Resource Identifier <a href="https://drive.google.com/open?id=1gyQcP0ckPHzPTG9gBggkBiusd3OUWTGc">https://drive.google.com/open?id=1gyQcP0ckPHzPTG9gBggkBiusd3OUWTGc</a>
942 ## - ADDED ENTRY ELEMENTS (KOHA)
Koha item type Project Report
Holdings
Withdrawn status Lost status Damaged status Home library Current library Date acquired Full call number Accession Number Koha item type
      KAUAET KAUAET 25/07/2018 631.587 ANN/ST P 412 Project Report
free website counter